| 000 | 00402nam a2200181Ia 4500 | ||
|---|---|---|---|
| 100 | _asolanki/Chetan Singh | ||
| 650 | _aSolar | ||
| 250 | _a3 | ||
| 942 | _cBK | ||
| 366 | _f25 | ||
| 654 | _abitcoin | ||
| 245 | _aSolar photovoltaics: Fundamentals technologies and applications | ||
| 260 |
_bprentice hall _c2022 |
||
| 082 |
_a621.471 _bSOL |
||
| 300 | _a506 | ||
| 546 | _aENGLISH | ||
| 999 |
_c20273 _d20273 |
||